000 01148nam a2200265 i 4500
001 189407
003 ES-MaACL
005 20250728142445.0
008 190530q2019 sp a c |||| | eng d
245 0 0 _aTrevisan International Art :
_bexposición de arte internacional : 4.11-14.11.2018 : Sala Prado y Espacio Prado, Ateneo de Madrid /
_ccomisariada por Paola Trevisan y Rosa Mascarell Dauder.
260 _a[Madrid ;
_aRoma :
_bTrevisan International Art,
_c2019]
300 _a143 p. :
_bprincipalmente il. col. ;
_c21 x 21 cm.
546 _aIntroducción en español e inglés; texto en inglés.
610 2 4 _aAteneo de Madrid-
_vExposiciones-
_y2010-2019.
_9144911
650 4 _aArte-
_yS.XXI-
_vExposiciones.
_9167167
655 7 _2tgfbne
_9193628
_aCatálogos de exposiciones
700 1 _aTrevisan, Paola.
_9167163
700 1 _aMascarell Dauder, Rosa,
_d1963-
_9167164
710 2 _aAteneo de Madrid.
_bSala de Exposiciones de Prado 19.
_9148678
710 2 _aAteneo de Madrid.
_bEspacio Prado.
_9148677
710 2 _aTrevisan International Art.
_9173376
852 _aES-MaACL
_jL-32411
942 _2udc
999 _c189407
_d189407